00588nam a2200181 i 450000100060000000300090000600500170001500700030003200800410003510000340007624500490011025000150015926000400017430000210021485200320023599900170026795201220028464692ES-MaACL20240502063040.0t|040105s1973 sp ||||1| cat d1 aFormosa, Feliu,d1934-95175910aLlibre de les meditacions / cFeliu Formosa. a[1ยช ed.]. aBarcelona : bEdicions 62, c[1973] a53 p. ; c18 cm. aES-MaACLjC-55774 bR.88238 c64692d64692 00104070aATENEOMbATENEOMcDEPO2d2008-01-17eSCl0oC-55774p1067785r2023-02-23 00:00:00w2023-02-23yMONOGRAFIA